00000000nam 2200000zi 4500
0019.950844
003CaOODSP
00520250917135634
006m    |o  d f      
007cr m||||||||||
008250506e202504##quca    ob   f00| 0 eng d
020 |a9780660771670 |q(report)
020 |a9780660771687 |q(summary)
040 |aCaOODSP|beng
043 |an-cn---
0861 |aEn14-351/2025E-PDF
0861 |aEn14-351/2025-1E-PDF
24500|aHorizontal evaluation of the Federal Contaminated Sites Action Plan (FCSAP) 2018-2019 to 2021-2022 : |bfinal report.
264 0|aGatineau Quebec : |bEnvironment and Climate Change Canada, |cApril 2025.
264 4|c©2025
300 |a1 online resource (iv, 43 pages) : |billustrations + |e1 summary (10 pages)
336 |atext|btxt|2rdacontent
337 |acomputer|bc|2rdamedia
338 |aonline resource|bcr|2rdacarrier
500 |aCover title.
500 |aIssued also in French under title: Évaluation horizontale du Plan d'action pour les sites contaminés fédéraux (PASCF) de 2018-2019 à 2021-2022 : rapport final.
504 |aIncludes bibliographic references (pages 42-43).
520 |a"This report presents the results of the Horizontal Evaluation of the Federal Contaminated Sites Action Plan (FCSAP). This evaluation covers a four-year period from 2018-2019 to 2021-2022 under the following themes: Governance and reporting; Performance; External and emerging issues; and Impact on Indigenous Peoples and communities. The evaluation was undertaken in accordance with Environment and Climate Change Canada’s (ECCC) Audit and Evaluation Plan 2022 to 2027"--Introduction, page 1.
61020|aFederal Contaminated Sites Action Plan (Canada)|xEvaluation.
650 0|aHazardous waste sites|zCanada|xEvaluation.
7101 |aCanada. |bEnvironment and Climate Change Canada, |eissuing body.
7101 |aCanada. |bEnvironment and Climate Change Canada. |bAudit and Evaluation Branch, |eissuing body.
77508|tÉvaluation horizontale du Plan d’action pour les sites contaminés fédéraux (PASCF) de 2018-2019 à 2021-2022 : |w(CaOODSP)9.950847
795 |tHorizontal evaluation of the Federal Contaminated Sites Action Plan : |b2018|w(CaOODSP)9.866148
85640|qPDF|s773 KB|uhttps://publications.gc.ca/collections/collection_2025/eccc/En14-351-2025-eng.pdf|zFinal report
85640|qPDF|s293 KB|uhttps://publications.gc.ca/collections/collection_2025/eccc/En14-351-2025-1-eng.pdf|zSummary
8564 |qHTML|sN/A|uhttps://www.canada.ca/en/environment-climate-change/corporate/transparency/priorities-management/evaluations/federal-contaminated-sites-action-plan-2018-2022.html|zFinal report
8564 |qHTML|sN/A|uhttps://www.canada.ca/en/environment-climate-change/corporate/transparency/priorities-management/evaluations/federal-contaminated-sites-action-plan-2018-2022/at-a-glance.html|zSummary
986 |aEC 25019